Đọc hiểu tiếng Anh ngành Thư viện - Thông tin = Giáo trình dùng cho sinh viên ĐH và CĐ ngành Thư viện - Thông tin
v..v..
Đã lưu trong:
| Tác giả chính: | |
|---|---|
| Định dạng: | Sách |
| Năm xuất bản: |
H.
Đại học Văn hoá
2006
|
| Chủ đề: | |
| Tags: |
Thêm thẻ
Không có thẻ, Hãy là người đầu tiên gắn thẻ bản ghi này!
|
| LEADER | 00981nam a2200229 4500 | ||
|---|---|---|---|
| 082 | |a 428.4 |b D561TH | ||
| 100 | |a DƯƠNG THỊ THU HÀ | ||
| 242 | |a Library and Information Science: English Reading Materials | ||
| 245 | |a Đọc hiểu tiếng Anh ngành Thư viện - Thông tin = |c Dương Thị Thu Hà |b Giáo trình dùng cho sinh viên ĐH và CĐ ngành Thư viện - Thông tin | ||
| 260 | |a H. |c 2006 |b Đại học Văn hoá | ||
| 300 | |a 361 tr. |c 21 cm | ||
| 520 | |a v..v.. | ||
| 653 | |a Ngôn ngữ | ||
| 653 | |a Tiếng Anh | ||
| 653 | |a Đọc hiểu | ||
| 653 | |a Thư viện | ||
| 653 | |a Thông tin | ||
| 910 | |c Chi | ||
| 942 | |2 ddc |c STK0 | ||
| 999 | |c 2301 |d 2301 | ||
| 952 | |0 0 |1 0 |2 ddc |4 0 |6 428_400000000000000_D561TH |7 1 |8 400 |9 30983 |a qbu |b qbu |c D4 |d 2014-12-13 |g 55500 |o 428.4 D561TH |p 2261.C1 |r 0000-00-00 |w 2014-12-13 |y STK0 | ||
| 952 | |0 0 |1 0 |2 ddc |4 0 |6 428_400000000000000_D561TH |7 0 |8 400 |9 30984 |a qbu |b qbu |c D4 |d 2014-12-13 |g 55500 |o 428.4 D561TH |p 2261.C2 |r 0000-00-00 |w 2014-12-13 |y STK0 | ||